The story of ships / (Record no. 341993)
[ view plain ]
| 000 -LEADER | |
|---|---|
| fixed length control field | 00514nam a2200205Ia 4500 |
| 008 - FIXED-LENGTH DATA ELEMENTS--GENERAL INFORMATION | |
| fixed length control field | 170918s9999 xx 000 0 und d |
| 020 ## - INTERNATIONAL STANDARD BOOK NUMBER | |
| International Standard Book Number | 9780746057803 |
| 050 ## - LIBRARY OF CONGRESS CALL NUMBER | |
| Item number | B613 2007 |
| 100 ## - MAIN ENTRY--PERSONAL NAME | |
| Personal name | Bingham, Jane |
| 245 #4 - TITLE STATEMENT | |
| Title | The story of ships / |
| 245 ## - TITLE STATEMENT | |
| Statement of responsibility, etc | Jane Bingham ; illustrated by Colin King. |
| 260 ## - PUBLICATION, DISTRIBUTION, ETC. (IMPRINT) | |
| Place of publication, distribution, etc | New York : |
| 260 ## - PUBLICATION, DISTRIBUTION, ETC. (IMPRINT) | |
| Name of publisher, distributor, etc | Scholastic, |
| 260 ## - PUBLICATION, DISTRIBUTION, ETC. (IMPRINT) | |
| Date of publication, distribution, etc | 2007 |
| 300 ## - PHYSICAL DESCRIPTION | |
| Extent | 62 pages : |
| 300 ## - PHYSICAL DESCRIPTION | |
| Other physical details | colored illustration ; |
| 300 ## - PHYSICAL DESCRIPTION | |
| Dimensions | 20cm. |
| 440 ## - SERIES STATEMENT/ADDED ENTRY--TITLE | |
| Title | Usborne young reading. |
| 500 ## - GENERAL NOTE | |
| General note | 700 |
| Withdrawn status | Lost status | Damaged status | Home library | Current library | Date acquired | Total Checkouts | Full call number | Barcode | Date last seen | Price effective from | Koha item type |
|---|---|---|---|---|---|---|---|---|---|---|---|
| Stonyhurst Southville International School (Malarayat) | Stonyhurst Southville International School (Malarayat) | 09/18/2017 | LEX B613 2007 | SSISM1065 | 09/18/2017 | 09/18/2017 | Lexile |